| 000 | 00569nam a2200193Ia 4500 | ||
|---|---|---|---|
| 003 | GCL | ||
| 008 | 140319s9999 xx 000 0 ara d | ||
| 040 |
_aGCL / _cGCL |
||
| 082 | 0 | 4 |
_a811.094 _bع د |
| 100 | 1 | _aعلى احمد باكثير | |
| 245 | 1 | 0 |
_aديوان الشرنوبى / _cعلى احمد باكثير |
| 700 | 1 | _aالشرنوبى | |
| 300 |
_a75 ص ؛ _c20 سم |
||
| 490 |
_aالالف كتاب _v0 |
||
| 650 | 0 | 4 | _aالشعر العربى |
| 650 | 0 | 4 | _aالشعر |
| 650 | 0 | 4 | _aالشعر العربى - العصر الحديث |
| 942 |
_2ddc _cBK |
||
| 999 |
_c45956 _d45956 |
||